| 000 | 00547nam a22002177a 4500 | ||
|---|---|---|---|
| 003 | OSt | ||
| 005 | 20140311162957.0 | ||
| 008 | 130213t xxu||||| |||| 00| 0 eng d | ||
| 020 | _a9789814246132 | ||
| 050 |
_aQP 34.5 _b.St7 2007 |
||
| 100 | _aStarr, Cecie | ||
| 245 |
_aHuman biology / _cCecie Starr, Beverly McMillan. |
||
| 260 |
_aBelmont, CA : _bThomson/Brooks Cole, _c2007. |
||
| 300 |
_a488 p. : _c28 cm. _bill. ; |
||
| 521 | _aNUR | ||
| 562 | _e1 | ||
| 650 | _aHuman | ||
| 650 | _aBiology | ||
| 942 |
_2lcc _cBK _kFOR |
||
| 999 |
_c39100 _d39100 |
||